[Event "WchT Seniors 50"]
[Site "Struga"]
[Date "2023.09.28"]
[Round "9.1"]
[White "Zeidler, Sven P"]
[Black "Bhopal, Raj"]
[Result "1-0"]
[WhiteElo "2094"]
[BlackElo "1991"]
[PlyCount "83"]
[EventDate "2023.09.19"]
[EventType "team-swiss"]
[EventRounds "9"]
[EventCountry "MKD"]
[SourceTitle "EXT 2024"]
[Source "ChessBase"]
[SourceDate "2023.10.10"]
[SourceVersion "1"]
[SourceVersionDate "2023.10.10"]
[SourceQuality "1"]
[WhiteTeam "Wales Silures 50"]
[BlackTeam "Scotland 50"]
[WhiteTeamCountry "WLS"]
[BlackTeamCountry "SCO"]

1. e4 c5 2. Nc3 Nc6 3. f4 e6 4. Nf3 a6 5. g3 g6 6. d4 cxd4 7. Nxd4 Qc7 8. Bg2 Bg7 9. Nxc6 Qxc6 10. 0-0 Ne7 11. Be3 d6 12. f5 Be5 13. fxe6 Bxe6 14. Nd5 Bxd5 15. exd5 Qc4 16. Qf3 f5 17. Rae1 0-0 18. Bf4 Qd4+ 19. Qf2 Qxb2 20. Bxe5 dxe5 21. Rb1 Qa3 22. Rxb7 e4 23. Qb6 Rae8 24. Qe6+ Kh8 25. Qe5+ Kg8 26. d6 Rf7 27. dxe7 Rfxe7 28. Rxe7 Rxe7 29. Qd5+ Kg7 30. Qd4+ Kg8 31. g4 Qa5 32. gxf5 gxf5 33. c4 Rg7 34. Qd5+ Qxd5 35. cxd5 Rg5 36. Kf2 Kf8 37. h4 Rg6 38. Kg1 Ke7 39. Rxf5 Rg4 40. Re5+ Kd6 41. Rxe4 Rg3 42. Re6+ 1-0

[Event "SCO-ch op 128th"]
[Site "Dunfermline"]
[Date "2023.07.09"]
[Round "4"]
[White "Bhopal, Raj"]
[Black "Spencer, Edwin A"]
[Result "0-1"]
[WhiteElo "2021"]
[BlackElo "2098"]
[PlyCount "84"]
[EventDate "2023.07.07"]
[EventType "swiss"]
[EventRounds "5"]
[EventCountry "SCO"]
[SourceTitle "CBM 215 Extra"]
[Source "ChessBase"]
[SourceDate "2023.09.30"]
[SourceVersion "1"]
[SourceVersionDate "2023.09.30"]
[SourceQuality "1"]

1. Nf3 g6 2. d4 Bg7 3. g3 d6 4. Bg2 Nf6 5. 0-0 0-0 6. Nc3 c6 7. a4 a5 8. e4 Na6 9. h3 Nb4 10. Re1 e5 11. Be3 Qc7 12. Qd2 Rd8 13. Rad1 Bd7 14. Re2 Be8 15. Qc1 Nd7 16. Red2 Nf8 17. d5 Rac8 18. Bf1 cxd5 19. exd5 Na6 20. Bb5 Bxb5 21. Nxb5 Qd7 22. Kh2 Nc5 23. Bxc5 Rxc5 24. Re2 Rdc8 25. c3 h6 26. Qe3 Nh7 27. Na7 Rf8 28. Nb5 f5 29. b4 axb4 30. cxb4 Rc4 31. Qb3 Rfc8 32. Rdd2 e4 33. Nh4 f4 34. Rc2 Ng5 35. Nxd6 Qxh3+ 36. Kg1 Nf3+ 37. Nxf3 exf3 38. Qxf3 Rxc2 39. Rxc2 Rxc2 40. Qxf4 Ra2 41. Qf7+ Kh7 42. Ne8 Ra1# 0-1

[Event "SCO-ch op 128th"]
[Site "Dunfermline"]
[Date "2023.07.08"]
[Round "2"]
[White "Bhopal, Raj"]
[Black "Watson, Jacob"]
[Result "1-0"]
[WhiteElo "2021"]
[BlackElo "1885"]
[PlyCount "115"]
[EventDate "2023.07.07"]
[EventType "swiss"]
[EventRounds "5"]
[EventCountry "SCO"]
[SourceTitle "CBM 215 Extra"]
[Source "ChessBase"]
[SourceDate "2023.09.30"]
[SourceVersion "1"]
[SourceVersionDate "2023.09.30"]
[SourceQuality "1"]

1. Nf3 Nf6 2. d4 d5 3. g3 e6 4. Bg2 b6 5. 0-0 Bb7 6. c4 Be7 7. Nc3 0-0 8. b3 Nbd7 9. Bb2 c5 10. cxd5 exd5 11. Rc1 Re8 12. e3 Nf8 13. Qc2 Ne6 14. Rfd1 Rc8 15. Qb1 cxd4 16. Nxd4 Nxd4 17. Rxd4 Bc5 18. Rdd1 Qd7 19. Ne4 Nxe4 20. Bxe4 g6 21. Qd3 Rcd8 22. Bg2 d4 23. exd4 Bxg2 24. Kxg2 Qd5+ 25. Qf3 Bf8 26. Re1 Qd6 27. Rxe8 Rxe8 28. Rc6 Qd7 29. d5 Rd8 30. Rc7 Qe8 31. Rxa7 Bg7 32. Ba3 f5 33. d6 Qe4 34. Qxe4 fxe4 35. Re7 Bf8 36. Rxe4 Kf7 37. Rd4 Ke6 38. Rd2 b5 39. Bb4 Bg7 40. Re2+ Kd5 41. f4 Bf8 42. Kf3 Kc6 43. Rd2 Kb7 44. Ke4 Kc6 45. Rc2+ Kd7 46. Kd5 Ra8 47. a3 Ra7 48. Rc7+ Rxc7 49. dxc7 Bg7 50. Bd6 Bb2 51. a4 bxa4 52. bxa4 Bc3 53. Be5 Be1 54. Kc5 Kc8 55. Kb5 Bf2 56. a5 h5 57. a6 Bg1 58. h3 1-0

[Event "SCO-ch op 128th"]
[Site "Dunfermline"]
[Date "2023.07.08"]
[Round "3"]
[White "Zamvar, Vipin"]
[Black "Bhopal, Raj"]
[Result "0-1"]
[WhiteElo "1555"]
[BlackElo "2021"]
[PlyCount "64"]
[EventDate "2023.07.07"]
[EventType "swiss"]
[EventRounds "5"]
[EventCountry "SCO"]
[SourceTitle "CBM 215 Extra"]
[Source "ChessBase"]
[SourceDate "2023.09.30"]
[SourceVersion "1"]
[SourceVersionDate "2023.09.30"]
[SourceQuality "1"]

1. d4 Nf6 2. c4 e6 3. Nc3 Bb4 4. Bf4 0-0 5. e3 Ne4 6. Qc2 f5 7. h3 b6 8. Nf3 Bb7 9. Be2 g5 10. Bh2 g4 11. hxg4 fxg4 12. Ne5 Nxf2 13. Rf1 Qh4 14. Ng6 Qxh2 15. Nxf8 Be4 16. Qa4 Bxc3+ 17. bxc3 g3 18. Nxe6 Bc6 19. Qc2 dxe6 20. d5 Bd7 21. Bf3 Qh6 22. Ke2 Na6 23. dxe6 Re8 24. Qd2 Bxe6 25. Bd5 Qh5+ 26. Bf3 Bxc4+ 27. Ke1 Qe5 28. Rxf2 gxf2+ 29. Kxf2 Nc5 30. Rh1 Ne4+ 31. Bxe4 Qxe4 32. Qd7 Qxe3# 0-1

[Event "Wch Seniors 65 29th"]
[Site "Bucharest"]
[Date "2019.11.20"]
[Round "8"]
[White "Bhopal, Raj"]
[Black "Fernandez Vicente, Carmelo"]
[Result "1/2-1/2"]
[WhiteElo "1931"]
[BlackElo "2087"]
[PlyCount "37"]
[EventDate "2019.11.12"]
[EventType "swiss"]
[EventRounds "11"]
[EventCountry "ROU"]
[SourceTitle "CBM 193 Extra"]
[Source "ChessBase"]
[SourceDate "2020.01.31"]
[SourceVersion "1"]
[SourceVersionDate "2020.01.31"]
[SourceQuality "1"]

1. d4 d5 2. Nf3 Nf6 3. Bf4 c5 4. e3 Nc6 5. c3 Qb6 6. Qb3 c4 7. Qc2 Bf5 8. Qc1 e6 9. Nbd2 Qd8 10. Nh4 Bd6 11. Nxf5 exf5 12. Bg5 h6 13. Bxf6 Qxf6 14. g3 0-0 15. Bg2 Qe6 16. 0-0 g5 17. Re1 Ne7 18. Qd1 Rac8 19. Bh3 1/2-1/2

[Event "Wch Seniors 65 29th"]
[Site "Bucharest"]
[Date "2019.11.16"]
[Round "5"]
[White "Bhopal, Raj"]
[Black "Schulz, Michael"]
[Result "0-1"]
[WhiteElo "1931"]
[BlackElo "2138"]
[PlyCount "114"]
[EventDate "2019.11.12"]
[EventType "swiss"]
[EventRounds "11"]
[EventCountry "ROU"]
[SourceTitle "CBM 193 Extra"]
[Source "ChessBase"]
[SourceDate "2020.01.31"]
[SourceVersion "1"]
[SourceVersionDate "2020.01.31"]
[SourceQuality "1"]

1. Nf3 b5 2. e4 Bb7 3. Bxb5 Bxe4 4. d4 e6 5. 0-0 Nf6 6. c4 Be7 7. Nc3 Bb7 8. Re1 0-0 9. Bf4 d6 10. Ba4 Nbd7 11. Bc2 Rb8 12. b3 c5 13. dxc5 Nxc5 14. h3 Rc8 15. Rc1 a5 16. Bg3 Qb6 17. Nd4 Rfd8 18. Bh4 Rd7 19. Bb1 g6 20. Bg5 e5 21. Nf5 gxf5 22. Bxf6 Bxf6 23. Bxf5 Bg7 24. Qh5 Ne6 25. Re3 Qd8 26. Qxh7+ Kf8 27. Rg3 Qf6 28. Ne4 Bxe4 29. Bxe4 Qh6 30. Rd1 Qxh7 31. Bxh7 Nd4 32. Kf1 a4 33. Rxd4 exd4 34. Bf5 Rdd8 35. Bxc8 Rxc8 36. Ke2 d5 37. Kd3 dxc4+ 38. bxc4 Rb8 39. Kc2 Rb4 40. Kd3 Rb2 41. c5 Rxa2 42. Kc4 Rxf2 43. Kb5 Rc2 44. Ra3 Rxg2 45. Kb6 Rb2+ 46. Kc7 Be5+ 47. Kd7 Rb3 48. Rxa4 Rxh3 49. Ra8+ Kg7 50. Re8 Kf6 51. c6 Rc3 52. Rh8 d3 53. Rh1 d2 54. Rf1+ Kg6 55. Rg1+ Kf5 56. Rd1 Rc2 57. Rf1+ Ke4 0-1

[Event "Wch Seniors 65 29th"]
[Site "Bucharest"]
[Date "2019.11.12"]
[Round "1"]
[White "Bhopal, Raj"]
[Black "Lederman, Leon S"]
[Result "1-0"]
[WhiteElo "1931"]
[BlackElo "2243"]
[PlyCount "65"]
[EventDate "2019.11.12"]
[EventType "swiss"]
[EventRounds "11"]
[EventCountry "ROU"]
[SourceTitle "CBM 193 Extra"]
[Source "ChessBase"]
[SourceDate "2020.01.31"]
[SourceVersion "1"]
[SourceVersionDate "2020.01.31"]
[SourceQuality "1"]

1. Nf3 Nf6 2. d4 e6 3. Bf4 b6 4. e3 Bb7 5. Be2 d6 6. 0-0 Be7 7. h3 Nbd7 8. c4 Ne4 9. Nbd2 f5 10. Nxe4 fxe4 11. Nd2 0-0 12. Bg4 Rf6 13. Qc2 e5 14. Bg5 Rg6 15. Bxe7 Qxe7 16. Bf5 Rh6 17. Bxe4 c6 18. Rac1 Nf6 19. Bf3 Re8 20. dxe5 dxe5 21. Ne4 Bc8 22. Qe2 Bf5 23. Ng3 Bd7 24. e4 Rh4 25. Rfd1 g6 26. Rc3 Bc8 27. Rcd3 Nd7 28. Qd2 Nc5 29. Rd8 Ne6 30. Rxe8+ Qxe8 31. Bg4 h5 32. Bxe6+ Bxe6 33. Qg5 1-0

[Event "SCO-ch 126th"]
[Site "Edinburgh"]
[Date "2019.07.13"]
[Round "8"]
[White "Baumanis, Kristaps"]
[Black "Bhopal, Raj"]
[Result "0-1"]
[WhiteElo "1779"]
[BlackElo "1947"]
[PlyCount "82"]
[EventDate "2019.07.06"]
[EventType "swiss"]
[EventRounds "9"]
[EventCountry "SCO"]
[SourceTitle "CBM 191 Extra"]
[Source "ChessBase"]
[SourceDate "2019.09.30"]
[SourceVersion "1"]
[SourceVersionDate "2019.09.30"]
[SourceQuality "1"]

1. e4 c5 2. Nf3 d6 3. d4 cxd4 4. Nxd4 Nf6 5. Nc3 a6 6. Bc4 e6 7. Bb3 b5 8. Qf3 Bb7 9. Bg5 Nc6 10. 0-0-0 Nxd4 11. Rxd4 Be7 12. Rhd1 Qc7 13. Bxf6 gxf6 14. Qh5 Qc5 15. Qxc5 dxc5 16. Rd7 Rb8 17. Rc7 Bd8 18. Rxc5 Bb6 19. Rh5 Bxf2 20. Rd3 Ke7 21. e5 f5 22. g3 Bb6 23. Rh4 Bc7 24. Re3 Bc6 25. a4 b4 26. Rc4 Bb6 27. Re1 Rhc8 28. Ne2 Be4 29. Nf4 a5 30. Nh5 Rxc4 31. Bxc4 Rc8 32. Bb3 Bxc2 33. Bxc2 b3 34. Re2 Bd4 35. Kd1 bxc2+ 36. Rxc2 Rxc2 37. Kxc2 Bxe5 38. Nf4 Bxf4 39. gxf4 Kd6 40. Kd2 Kc5 41. Kc3 f6 0-1

[Event "SCO-ch 126th"]
[Site "Edinburgh"]
[Date "2019.07.12"]
[Round "7"]
[White "Bhopal, Raj"]
[Black "Sanger, Jake M"]
[Result "0-1"]
[WhiteElo "1947"]
[BlackElo "1867"]
[PlyCount "84"]
[EventDate "2019.07.06"]
[EventType "swiss"]
[EventRounds "9"]
[EventCountry "SCO"]
[SourceTitle "CBM 191 Extra"]
[Source "ChessBase"]
[SourceDate "2019.09.30"]
[SourceVersion "1"]
[SourceVersionDate "2019.09.30"]
[SourceQuality "1"]

1. e4 e6 2. d4 d5 3. e5 c5 4. c3 Nc6 5. Nf3 Bd7 6. Be2 Nge7 7. a3 Nf5 8. b4 cxd4 9. cxd4 b5 10. 0-0 a5 11. bxa5 Nxa5 12. g4 Nh4 13. Ne1 Nc4 14. Nc2 Be7 15. Qd3 0-0 16. Nd2 f6 17. Qg3 fxe5 18. Nxc4 dxc4 19. dxe5 Bc5 20. Be3 Bxe3 21. Qxe3 Qe7 22. Rad1 Bc6 23. f4 Ng2 24. Qb6 Be4 25. Rd4 Rfb8 26. Qd6 Qxd6 27. exd6 Bxc2 28. Kxg2 Rxa3 29. Bf3 Rd3 30. Re4 Rd2+ 31. Re2 Rxe2+ 32. Bxe2 Rd8 33. Rf2 Be4+ 34. Bf3 Bxf3+ 35. Kxf3 Rxd6 36. Rb2 Rd5 37. Ke4 Kf7 38. f5 c3 39. Rc2 b4 40. Rc1 Ke7 41. Rc2 Rd2 42. Rc1 exf5+ 0-1

[Event "SCO-ch 126th"]
[Site "Edinburgh"]
[Date "2019.07.11"]
[Round "6"]
[White "McClement, Andrew"]
[Black "Bhopal, Raj"]
[Result "1-0"]
[WhiteElo "2238"]
[BlackElo "1947"]
[PlyCount "87"]
[EventDate "2019.07.06"]
[EventType "swiss"]
[EventRounds "9"]
[EventCountry "SCO"]
[SourceTitle "CBM 191 Extra"]
[Source "ChessBase"]
[SourceDate "2019.09.30"]
[SourceVersion "1"]
[SourceVersionDate "2019.09.30"]
[SourceQuality "1"]

1. e4 c5 2. Nf3 d6 3. d4 cxd4 4. Nxd4 Nf6 5. Nc3 a6 6. Be3 e5 7. Nb3 Be7 8. f3 Nbd7 9. Qd2 b5 10. 0-0-0 Bb7 11. g4 h6 12. Bd3 b4 13. Ne2 a5 14. Kb1 a4 15. Nbc1 d5 16. Ng3 d4 17. Bf2 g6 18. h4 Qb6 19. g5 hxg5 20. hxg5 Nh7 21. Nge2 Nc5 22. Bg3 Bxg5 23. Rxh7 Bxd2 24. Rxh8+ Kd7 25. Rxa8 Bxa8 26. Rxd2 Qf6 27. f4 Bxe4 28. fxe5 Qg5 29. Bf4 Qf5 30. Bxe4 Nxe4 31. Rxd4+ Ke7 32. Rxb4 g5 33. Be3 Qxe5 34. Rxa4 g4 35. Bf4 Qf5 36. Nd3 Nf6 37. Ng3 Qb5 38. b3 Qb6 39. Be3 Qb8 40. Nf5+ Ke6 41. Nd4+ Kd7 42. Bf4 Qb6 43. Rb4 Qa7 44. Rb7+ 1-0

[Event "SCO-ch 126th"]
[Site "Edinburgh"]
[Date "2019.07.10"]
[Round "5"]
[White "Bhopal, Raj"]
[Black "Walker, Duncan"]
[Result "1-0"]
[WhiteElo "1947"]
[BlackElo "1836"]
[PlyCount "43"]
[EventDate "2019.07.06"]
[EventType "swiss"]
[EventRounds "9"]
[EventCountry "SCO"]
[SourceTitle "CBM 191 Extra"]
[Source "ChessBase"]
[SourceDate "2019.09.30"]
[SourceVersion "1"]
[SourceVersionDate "2019.09.30"]
[SourceQuality "1"]

1. e4 c5 2. Nf3 Nc6 3. Bb5 g6 4. 0-0 Bg7 5. c3 a6 6. Bxc6 dxc6 7. d3 e5 8. Be3 b6 9. Na3 Ne7 10. Nc4 f6 11. a4 a5 12. b4 axb4 13. cxb4 b5 14. axb5 Rxa1 15. Qxa1 cxb5 16. Na3 cxb4 17. Nxb5 Be6 18. Qa6 Qd7 19. Nd6+ Kf8 20. Rc1 Kg8 21. Qa8+ Nc8 22. Rxc8+ 1-0

[Event "WchT Seniors 65"]
[Site "Rhodes"]
[Date "2019.04.20"]
[Round "5.11"]
[White "Bhopal, Raj"]
[Black "Lundgren, Ulf"]
[Result "1-0"]
[WhiteElo "1900"]
[BlackElo "1964"]
[PlyCount "85"]
[EventDate "2019.04.16"]
[EventType "team-swiss"]
[EventRounds "9"]
[EventCountry "GRE"]
[SourceTitle "CBM 190 Extra"]
[Source "ChessBase"]
[SourceDate "2019.07.15"]
[SourceVersion "1"]
[SourceVersionDate "2019.07.15"]
[SourceQuality "1"]
[WhiteTeam "Scotland II"]
[BlackTeam "Sweden III"]
[WhiteTeamCountry "SCO"]
[BlackTeamCountry "SWE"]

1. e4 e5 2. Nf3 Nc6 3. Bb5 a6 4. Ba4 Nf6 5. 0-0 b5 6. Bb3 Be7 7. Qe2 d6 8. c3 0-0 9. Rd1 Bg4 10. h3 Bh5 11. d3 Na5 12. Bc2 c5 13. Nbd2 Nc6 14. Nf1 b4 15. g4 Bg6 16. Ng3 a5 17. Nh4 Ne8 18. Nhf5 Bg5 19. Bxg5 Qxg5 20. h4 Qd8 21. Ba4 Rc8 22. Kg2 Bxf5 23. Nxf5 g6 24. Nh6+ Kg7 25. g5 f6 26. h5 fxg5 27. hxg6 hxg6 28. Rh1 Nf6 29. Qe3 Nh5 30. Nf5+ Kf6 31. Rxh5 gxh5 32. Rh1 Rh8 33. Ng3 Kg6 34. Bb3 Qf6 35. Nxh5 Qf8 36. Qh3 Re8 37. Ba4 Qf7 38. Qf5+ Qxf5 39. exf5+ Kf7 40. Bxc6 Rd8 41. Bd5+ Kf8 42. c4 Rd7 43. Nf6 1-0

[Event "WchT Seniors 65"]
[Site "Rhodes"]
[Date "2019.04.17"]
[Round "2.10"]
[White "Dalling, Peter"]
[Black "Bhopal, Raj"]
[Result "0-1"]
[WhiteElo "1830"]
[BlackElo "1900"]
[PlyCount "72"]
[EventDate "2019.04.16"]
[EventType "team-swiss"]
[EventRounds "9"]
[EventCountry "GRE"]
[SourceTitle "CBM 190 Extra"]
[Source "ChessBase"]
[SourceDate "2019.07.15"]
[SourceVersion "1"]
[SourceVersionDate "2019.07.15"]
[SourceQuality "1"]
[WhiteTeam "Sweden IV"]
[BlackTeam "Scotland II"]
[WhiteTeamCountry "SWE"]
[BlackTeamCountry "SCO"]

1. e4 c5 2. Nf3 d6 3. d4 cxd4 4. c3 dxc3 5. Nxc3 Nc6 6. Bc4 e6 7. 0-0 Be7 8. Qe2 Nf6 9. Rd1 Nd7 10. h3 a6 11. a4 0-0 12. Be3 Qa5 13. Nh2 Nde5 14. Ba2 Nb4 15. Bb3 Bd7 16. Bd4 Nec6 17. Be3 Rac8 18. Rac1 Kh8 19. Bf4 e5 20. Be3 Qd8 21. Qh5 Be8 22. Qg4 Qd7 23. Qg3 f5 24. exf5 Qxf5 25. Nd5 Nxd5 26. Bxd5 Bh5 27. f3 Bf7 28. Be4 Qh5 29. Qe1 Bb3 30. Rd3 Bxa4 31. Rdc3 Bg5 32. Ng4 Rcd8 33. Bxg5 Qxg5 34. Ne3 Bb5 35. Nd5 Nd4 36. Bd3 Nxf3+ 0-1

[Event "Wch Seniors 65 28th"]
[Site "Bled"]
[Date "2018.11.29"]
[Round "11"]
[White "Bhopal, Raj"]
[Black "Finlay, Ian"]
[Result "1-0"]
[WhiteElo "1929"]
[BlackElo "1808"]
[PlyCount "137"]
[EventDate "2018.11.18"]
[EventType "swiss"]
[EventRounds "11"]
[EventCountry "SLO"]
[SourceTitle "EXT 2020"]
[Source "ChessBase"]
[SourceDate "2019.10.17"]
[SourceVersion "1"]
[SourceVersionDate "2019.10.17"]
[SourceQuality "1"]

1. e4 c5 2. Nf3 e6 3. d4 cxd4 4. Nxd4 Nf6 5. Bd3 Qb6 6. Nb3 Nc6 7. Be3 Qc7 8. 0-0 a6 9. Nc3 b5 10. f4 d6 11. Qe1 Bb7 12. Qg3 h5 13. h3 h4 14. Qf2 Nb4 15. Bb6 Nxd3 16. cxd3 Qd7 17. Na5 Be7 18. Rac1 Rc8 19. a3 Ba8 20. Na2 0-0 21. Nb4 d5 22. e5 Nh5 23. Nxa6 Ng3 24. Rfe1 Rxc1 25. Rxc1 d4 26. Qc2 Bd8 27. Bxd8 Qxd8 28. b4 Qb6 29. Nc5 Rc8 30. Nab3 Nf5 31. Qf2 Qd8 32. Kh2 Qd5 33. Rg1 Rd8 34. Nc1 Kf8 35. Ne4 Ke7 36. Nd6 Ng3 37. Qa2 Qc6 38. Nb3 Qc3 39. Nc5 Bd5 40. Qb1 Ne2 41. Nxb5 Qd2 42. Qf1 Qe3 43. Ne4 Qxd3 44. Nxd4 Qxd4 45. Qxe2 Qxe4 46. Qg4 Rh8 47. Rc1 Qg6 48. Rc7+ Kd8 49. Qxg6 fxg6 50. Rxg7 Rf8 51. g3 Be4 52. b5 Kc8 53. Re7 hxg3+ 54. Kxg3 Bf5 55. a4 Rd8 56. b6 Rd5 57. Rc7+ Kb8 58. h4 Rd3+ 59. Kg2 Ra3 60. Rc4 Kb7 61. Rb4 Be4+ 62. Rxe4 Kxb6 63. Rd4 Kc5 64. Rd6 Rxa4 65. Kg3 Ra1 66. Rxe6 Kd5 67. Rf6 Rg1+ 68. Kf3 Rf1+ 69. Kg2 1-0

[Event "Wch Seniors 65 28th"]
[Site "Bled"]
[Date "2018.11.28"]
[Round "10"]
[White "Lotsov Har Zahav, Avraham"]
[Black "Bhopal, Raj"]
[Result "1-0"]
[WhiteElo "1700"]
[BlackElo "1929"]
[PlyCount "129"]
[EventDate "2018.11.18"]
[EventType "swiss"]
[EventRounds "11"]
[EventCountry "SLO"]
[SourceTitle "CBM 187 Extra"]
[Source "ChessBase"]
[SourceDate "2018.11.04"]
[SourceVersion "1"]
[SourceVersionDate "2018.11.04"]
[SourceQuality "1"]

1. e4 c5 2. Nf3 d6 3. a3 Nf6 4. Nc3 g6 5. b4 Bg7 6. Rb1 0-0 7. Bc4 Bg4 8. bxc5 Nxe4 9. Nxe4 d5 10. Bd3 dxe4 11. Bxe4 Nd7 12. c6 Nc5 13. cxb7 Rb8 14. h3 Be6 15. Qe2 Nxe4 16. Qxe4 Bd5 17. Qe3 Qc7 18. c3 Rxb7 19. Rxb7 Qxb7 20. 0-0 Rc8 21. Re1 e6 22. Qf4 Rc4 23. Qg3 Re4 24. Rxe4 Bxe4 25. d4 Qb1 26. Qf4 h6 27. Ne5 Qb7 28. f3 Bf5 29. Ng4 g5 30. Qd2 Qc7 31. Ne3 Bb1 32. Bb2 Ba2 33. c4 Qb7 34. Bc3 Qb3 35. Qb2 Kf8 36. Qxb3 Bxb3 37. Kf2 Ke8 38. Ke1 Kd7 39. Kd2 Bf8 40. Bb4 Bg7 41. Bc5 a6 42. Kc3 Ba4 43. Kb4 Bc6 44. Ka5 Bb7 45. Kb6 Bc8 46. Ng4 f6 47. Nf2 h5 48. Ne4 f5 49. Nxg5 e5 50. d5 Bf6 51. Nf7 e4 52. fxe4 fxe4 53. Be3 Ke7 54. Nh6 Kd7 55. c5 Bd8+ 56. Ka7 Ke7 57. Kb8 Bd7 58. c6 Kd6 59. cxd7 Kxd7 60. Nf5 a5 61. a4 Bf6 62. g4 hxg4 63. hxg4 Be5+ 64. Kb7 Bh8 65. g5 1-0

[Event "Wch Seniors 65 28th"]
[Site "Bled"]
[Date "2018.11.27"]
[Round "9"]
[White "Bhopal, Raj"]
[Black "Goncharov, Viktor1111"]
[Result "0-1"]
[WhiteElo "1929"]
[BlackElo "2048"]
[PlyCount "124"]
[EventDate "2018.11.18"]
[EventType "swiss"]
[EventRounds "11"]
[EventCountry "SLO"]
[SourceTitle "CBM 187 Extra"]
[Source "ChessBase"]
[SourceDate "2018.11.04"]
[SourceVersion "1"]
[SourceVersionDate "2018.11.04"]
[SourceQuality "1"]

1. e4 e5 2. Nf3 Nc6 3. Bb5 a6 4. Ba4 Nf6 5. 0-0 Be7 6. Qe2 b5 7. Bb3 0-0 8. a4 Rb8 9. axb5 axb5 10. Nc3 b4 11. Nd5 Bd6 12. d3 Nxd5 13. Bxd5 Ne7 14. Bb3 Ng6 15. g3 Bc5 16. Ng5 Qf6 17. Be3 d6 18. Bxc5 dxc5 19. Qe3 h6 20. Nxf7 Rxf7 21. Bxf7+ Qxf7 22. f4 exf4 23. gxf4 Bb7 24. b3 Rf8 25. Ra7 Bc6 26. f5 Ne5 27. Qg3 Qe7 28. Ra5 Rf6 29. d4 Nc4 30. Rxc5 Qxe4 31. Rxc6 Qxd4+ 32. Rf2 Rxc6 33. bxc4 Rxc4 34. f6 Qg4 35. Qxg4 Rxg4+ 36. Kf1 c5 37. fxg7 Kxg7 38. Ke2 Rc4 39. Kd2 Rc3 40. Kd1 Kg6 41. Rf8 Kg5 42. Rg8+ Kh4 43. Rg6 h5 44. Re6 Kh3 45. Re5 h4 46. Re4 Rf3 47. Re2 Rf4 48. Ke1 Kg4 49. Re3 Kf5 50. Rh3 Ke4 51. Ke2 Kd4 52. Rd3+ Kc4 53. Rb3 Rd4 54. Ke3 Rg4 55. Kf3 Rg1 56. Re3 Rc1 57. Re4+ Kc3 58. Rxh4 Rxc2 59. Rh8 b3 60. Rc8 c4 61. h4 b2 62. Rb8 Rc1 0-1

[Event "Wch Seniors 65 28th"]
[Site "Bled"]
[Date "2018.11.26"]
[Round "8"]
[White "Mayer, Roland1111"]
[Black "Bhopal, Raj"]
[Result "1/2-1/2"]
[WhiteElo "2076"]
[BlackElo "1929"]
[PlyCount "71"]
[EventDate "2018.11.18"]
[EventType "swiss"]
[EventRounds "11"]
[EventCountry "SLO"]
[SourceTitle "CBM 187 Extra"]
[Source "ChessBase"]
[SourceDate "2018.11.04"]
[SourceVersion "1"]
[SourceVersionDate "2018.11.04"]
[SourceQuality "1"]

1. e4 c5 2. c3 Nf6 3. d3 g6 4. f4 Bg7 5. Nf3 d6 6. g3 Nc6 7. Bg2 0-0 8. 0-0 Bd7 9. h3 Rb8 10. Be3 b5 11. a3 a5 12. Nbd2 b4 13. axb4 axb4 14. d4 cxd4 15. cxd4 Na5 16. Re1 Bb5 17. Bf2 Nc4 18. Nxc4 Bxc4 19. Nd2 Bb5 20. Qb3 Bd7 21. Ra7 Ne8 22. e5 dxe5 23. fxe5 Nc7 24. d5 Bc8 25. Ra4 Kh8 26. Qc4 f6 27. exf6 Bxf6 28. Bd4 Ba6 29. Qc5 Rb5 30. Bxf6+ exf6 31. Qe7 Qxe7 32. Rxe7 Nxd5 33. Bxd5 Rxd5 34. Ne4 f5 35. Ng5 Rd1+ 36. Kf2 1/2-1/2

[Event "Wch Seniors 65 28th"]
[Site "Bled"]
[Date "2018.11.21"]
[Round "4"]
[White "Lie, Terje"]
[Black "Bhopal, Raj"]
[Result "1/2-1/2"]
[WhiteElo "1534"]
[BlackElo "1929"]
[PlyCount "151"]
[EventDate "2018.11.18"]
[EventType "swiss"]
[EventRounds "11"]
[EventCountry "SLO"]
[SourceTitle "CBM 187 Extra"]
[Source "ChessBase"]
[SourceDate "2018.11.04"]
[SourceVersion "1"]
[SourceVersionDate "2018.11.04"]
[SourceQuality "1"]

1. d4 e6 2. c4 f5 3. Nf3 Nf6 4. Nc3 b6 5. g3 Bb7 6. Bg2 Bb4 7. 0-0 Bxc3 8. bxc3 Ne4 9. Qc2 0-0 10. Nd2 d5 11. Nxe4 dxe4 12. Bf4 Nd7 13. Rfd1 g5 14. Be5 Nxe5 15. dxe5 Qe7 16. e3 Bc6 17. Qe2 g4 18. h3 h5 19. Rd4 Qc5 20. Qb2 a5 21. a4 Qxe5 22. Qa3 Qf6 23. c5 e5 24. Rd2 Rab8 25. cxb6 Rxb6 26. h4 Rd8 27. Rxd8+ Qxd8 28. Qc5 Qd6 29. Qxa5 Rb2 30. c4 Rc2 31. Bf1 Kg7 32. Qe1 Rd2 33. a5 Ba8 34. a6 Rc2 35. a7 Kf6 36. Qb1 Qd2 37. Qe1 Qxe1 38. Rxe1 Ra2 39. c5 Bc6 40. Rc1 Rxa7 41. Bc4 Ra4 42. Bb3 Rb4 43. Ba2 Rb2 44. Bc4 Ke7 45. Kf1 Ba4 46. Bg8 Bb5+ 47. Kg1 Be2 48. Bd5 Bb5 49. Bb7 Ba4 50. Bd5 Rd2 51. Bc4 Rc2 52. Rxc2 Bxc2 53. Bd5 Bd3 54. Bb3 Bb5 55. Bd5 Bd7 56. Bc4 Be6 57. Bb5 Bd5 58. Kf1 c6 59. Ba4 Ke6 60. Ke2 Kd7 61. Kd2 Kc7 62. Kc3 Kb7 63. Kb4 Ka6 64. Bd1 Kb7 65. Be2 Ka7 66. Ka5 Bb3 67. Ba6 Be6 68. Be2 Ba2 69. Bd1 Kb7 70. Bc2 Bc4 71. Ba4 Bd5 72. Bc2 Ba2 73. Bd1 Bd5 74. Ba4 Ba2 75. Kb4 Bd5 76. Ka5 1/2-1/2

[Event "Wch Seniors 65 28th"]
[Site "Bled"]
[Date "2018.11.20"]
[Round "3"]
[White "Bhopal, Raj"]
[Black "Titz, Heimo"]
[Result "0-1"]
[WhiteElo "1929"]
[BlackElo "2161"]
[PlyCount "54"]
[EventDate "2018.11.18"]
[EventType "swiss"]
[EventRounds "11"]
[EventCountry "SLO"]
[SourceTitle "CBM 187 Extra"]
[Source "ChessBase"]
[SourceDate "2018.11.04"]
[SourceVersion "1"]
[SourceVersionDate "2018.11.04"]
[SourceQuality "1"]

1. e4 c5 2. Nf3 e6 3. d3 Nc6 4. g3 g6 5. Bg2 Bg7 6. 0-0 Nge7 7. Re1 0-0 8. Nbd2 d6 9. Nf1 Re8 10. h4 h6 11. N1h2 e5 12. Be3 Be6 13. Qd2 Kh7 14. c3 f5 15. h5 gxh5 16. Nh4 f4 17. gxf4 exf4 18. Bxf4 Ne5 19. Bg3 N7g6 20. Nxg6 Nxg6 21. Nf3 Be5 22. d4 Bf4 23. Qd3 h4 24. Bh2 Bxh2+ 25. Nxh2 Qg5 26. Nf3 Qxg2+ 27. Kxg2 Nf4+ 0-1

[Event "Wch Seniors 65 28th"]
[Site "Bled"]
[Date "2018.11.18"]
[Round "1"]
[White "Bhopal, Raj"]
[Black "Lederman, Leon S"]
[Result "0-1"]
[WhiteElo "1929"]
[BlackElo "2255"]
[PlyCount "92"]
[EventDate "2018.11.18"]
[EventType "swiss"]
[EventRounds "11"]
[EventCountry "SLO"]
[SourceTitle "CBM 187 Extra"]
[Source "ChessBase"]
[SourceDate "2018.11.04"]
[SourceVersion "1"]
[SourceVersionDate "2018.11.04"]
[SourceQuality "1"]

1. e4 c5 2. Nf3 d6 3. Bb5+ Bd7 4. Bxd7+ Nxd7 5. 0-0 Ngf6 6. Qe2 g6 7. c3 Bg7 8. d4 e6 9. Rd1 Qc7 10. Na3 a6 11. h3 b5 12. Bf4 c4 13. e5 Nd5 14. Bg3 dxe5 15. Nxe5 Nxe5 16. Bxe5 Bxe5 17. dxe5 0-0 18. Rd4 Rad8 19. Rad1 Rd7 20. Nc2 Rfd8 21. g3 Ne7 22. Rxd7 Rxd7 23. Rxd7 Qxd7 24. Nd4 Nd5 25. a3 Nb6 26. f4 Qd5 27. g4 Nd7 28. Qe3 Kf8 29. h4 Ke8 30. h5 Nc5 31. hxg6 hxg6 32. Qh3 Nd7 33. Qh8+ Nf8 34. Qh2 Qe4 35. Qf2 Nd7 36. Kh2 g5 37. Kg3 gxf4+ 38. Qxf4 Qxe5 39. Qxe5 Nxe5 40. g5 Kd7 41. Kh4 Nd3 42. b3 e5 43. Nf3 cxb3 44. Nd2 b2 45. Kg4 e4 46. Nb1 Ke6 0-1